000 01123nam a22003377a 4500
003 CHAP
005 20220817043227.0
008 971013s1988 r 00010 d
010 _a69049
011 _a70021
035 _a79500
040 _cCHAP
090 _aFolleto 12284
110 _aEspaña. Ministerio de Agricultura, Pesca y Alimentación
_937712
245 _aSaneamiento y depuración de aguas residuales en pequeños núcleos rurales
260 _aMadrid :
_bEl Ministerio,
_c1988
300 _a[55 p.]
490 _aHojas divulgadoras
_v; 14-15/88 HD)
500 _a32-200
590 _aBATCH-UPD
_b10
_c20130110
_lUCH01
_h1924
590 _aBATCH-UPD
_b10
_c20130410
_lUCH01
_h1249
590 _aBATCH-UPD
_b10
_c20130914
_lUCH01
_h0103
590 _aCONVERSION
_b10
_c20130109
_lUCH01
_h1338
650 1 4 _aAgua
_xPurificacion.
_92397
650 1 4 _aAguas residuales para irrigación.
_92591
830 0 _aHojas divulgadoras
_v; 14-15/88 HD)
901 _aBK
942 _cFOLL
949 _aFolleto 12284
_bBC
_cFOLL
_d-32389
_eTS1
_i79500
_si
949 _aFolleto 12284
_bBC
_cFOLL
_d-95468
_eTS2
_fc.2
_i79500
_si
999 _c69049
_d69049